Lo stato di Giustino

Saved in:
Bibliographic Details
Main Author: Prati Sandro
Format: Book
Language:Undetermined
Published: Firenze L'autore Libri 2001
Tags: Add Tag
No Tags, Be the first to tag this record!

MARC

LEADER 00000nam a2200000Ia 4500
001 472
003 NUMERAZIONE-ORIGINALE-BRESCIA
005 20260206230753.0
008 260206s9999 xx 000 0 und d
100 |a Prati Sandro 
245 0 |a Lo stato di Giustino 
260 |a Firenze 
260 |b L'autore Libri 
260 |c 2001 
500 |a Biblioteca 80 
942 |2 ddc  |c BK  |n 0 
952 |0 0  |1 0  |2 ddc  |4 0  |6 25  |7 0  |9 28599  |a BS  |b BS  |d 2026-02-06  |i 472  |l 0  |o 2-5-*  |r 2026-02-06 22:40:38  |w 2026-02-06  |x [REVISIONARE]  |y BK 
999 |c 24258  |d 24258